| 000 | 00397 a2200121 4500 | ||
|---|---|---|---|
| 022 | _a09684093 | ||
| 082 | _a307.12 GAR | ||
| 100 | _aGardner,G. | ||
| 245 |
_aThe Performance and Potential of Light Rail Transit in Developing Cities / _cG.Gardner, J. Rutter |
||
| 260 |
_aBerkshire : _cTransport Research Laboratory , _b1994 |
||
| 300 |
_a22p. : _bill. ; _c27cm |
||
| 650 | _aRail transit -- TRL project 69 | ||
| 830 | _aTRL Series | ||
| 999 |
_c2033 _d2033 |
||